[Event "Belgrade-chT Quality"]
[Site "Belgrade"]
[Date "2021.11.20"]
[Round "11.8"]
[White "Zubic, Aleksandar"]
[Black "Strugar, Janko"]
[Result "0-1"]
[WhiteElo "1845"]
[BlackElo "2067"]
[PlyCount "98"]
[EventDate "2021.10.16"]
[EventType "team-tourn"]
[EventRounds "11"]
[EventCountry "SRB"]
[SourceTitle "EXT 2023"]
[Source "ChessBase"]
[SourceDate "2022.10.05"]
[SourceVersion "1"]
[SourceVersionDate "2022.10.05"]
[SourceQuality "1"]
[WhiteTeam "Belgrade Banjica"]
[BlackTeam "Belgrade Zemun Teleoptic"]
[WhiteTeamCountry "SRB"]
[BlackTeamCountry "SRB"]

1. e4 e5 2. Nf3 Nc6 3. Bb5 a6 4. Ba4 Nf6 5. 0-0 b5 6. Bb3 Bb7 7. c3 h6 8. Re1 g6 9. d4 d6 10. Nbd2 Bg7 11. Nf1 0-0 12. Ng3 Nd7 13. Bc2 exd4 14. Nxd4 Nc5 15. Be3 Ne5 16. Nb3 Nxb3 17. axb3 Re8 18. f4 Nd7 19. Bd4 Nf8 20. Bxg7 Kxg7 21. Qg4 Kh8 22. Rad1 Qf6 23. Re3 Qg7 24. Rde1 Re7 25. h4 Rae8 26. h5 Bc8 27. Qf3 g5 28. Nf5 Bxf5 29. exf5 Rxe3 30. Rxe3 Rxe3 31. Qxe3 gxf4 32. Qxf4 Nd7 33. b4 Qf6 34. Be4 c5 35. bxc5 Nxc5 36. Bc2 Kg7 37. Kf2 a5 38. Qd4 Nd7 39. Qxf6+ Kxf6 40. g4 Ne5 41. Kg3 Kg5 42. Bd1 Nd3 43. b3 Nc5 44. b4 axb4 45. cxb4 Na6 46. Be2 Nxb4 47. Bxb5 d5 48. Kf3 Nc2 49. Bd3 Ne1+ 0-1

[Event "Belgrade-chT Quality"]
[Site "Belgrade"]
[Date "2021.11.07"]
[Round "8.8"]
[White "Strugar, Janko"]
[Black "Markovic, Filip"]
[Result "1-0"]
[WhiteElo "2067"]
[BlackElo "1691"]
[PlyCount "55"]
[EventDate "2021.10.16"]
[EventType "team-tourn"]
[EventRounds "11"]
[EventCountry "SRB"]
[SourceTitle "EXT 2023"]
[Source "ChessBase"]
[SourceDate "2022.10.05"]
[SourceVersion "1"]
[SourceVersionDate "2022.10.05"]
[SourceQuality "1"]
[WhiteTeam "Belgrade Zemun Teleoptic"]
[BlackTeam "Belgrade Borca"]
[WhiteTeamCountry "SRB"]
[BlackTeamCountry "SRB"]

1. e4 e5 2. Nf3 Nc6 3. Bb5 Bc5 4. c3 Nf6 5. d4 exd4 6. e5 Nd5 7. 0-0 0-0 8. cxd4 Be7 9. Nc3 Nxc3 10. bxc3 d6 11. h3 dxe5 12. Bxc6 bxc6 13. Nxe5 Bb7 14. Rb1 Rb8 15. Qf3 Qd6 16. Rb3 f6 17. Ba3 c5 18. Rxb7 fxe5 19. Rxb8 Rxb8 20. Bxc5 Qe6 21. Bxe7 Qxe7 22. Qd5+ Kf8 23. dxe5 Rb2 24. Rd1 Qh4 25. Qf3+ Ke7 26. Qf5 Qa4 27. Rd4 Qb5 28. c4 1-0

[Event "Belgrade-chT Quality"]
[Site "Belgrade"]
[Date "2020.10.24"]
[Round "5.3"]
[White "Strugar, Janko"]
[Black "Dorcic, Igor"]
[Result "1/2-1/2"]
[WhiteElo "2092"]
[BlackElo "2015"]
[PlyCount "21"]
[EventDate "2020.10.09"]
[EventType "team-tourn"]
[EventRounds "9"]
[EventCountry "SRB"]
[SourceTitle "EXT 2022"]
[Source "ChessBase"]
[SourceDate "2021.10.06"]
[SourceVersion "1"]
[SourceVersionDate "2021.10.06"]
[SourceQuality "1"]
[WhiteTeam "Belgrade Teleoptik"]
[BlackTeam "Belgrade Bask"]
[WhiteTeamCountry "SRB"]
[BlackTeamCountry "SRB"]

1. e4 c5 2. Nf3 d6 3. d4 cxd4 4. Nxd4 Nf6 5. Nc3 a6 6. Be2 e5 7. Nb3 Be7 8. 0-0 0-0 9. a4 Be6 10. Be3 d5 11. exd5 1/2-1/2

[Event "Belgrade-chT Quality"]
[Site "Belgrade"]
[Date "2019.10.20"]
[Round "6.2"]
[White "Vrbljanac, Aleksandar"]
[Black "Strugar, Janko"]
[Result "1-0"]
[WhiteElo "2313"]
[BlackElo "2142"]
[PlyCount "59"]
[EventDate "2019.10.05"]
[EventType "team-tourn"]
[EventRounds "11"]
[EventCountry "SRB"]
[SourceTitle "EXT 2022"]
[Source "ChessBase"]
[SourceDate "2021.10.06"]
[SourceVersion "1"]
[SourceVersionDate "2021.10.06"]
[SourceQuality "1"]
[WhiteTeam "Bogoslov"]
[BlackTeam "Teleoptik"]
[WhiteTeamCountry "SRB"]
[BlackTeamCountry "SRB"]

1. d4 d5 2. c4 c6 3. Nf3 Nf6 4. e3 e6 5. b3 Nbd7 6. Bb2 Ne4 7. Bd3 f5 8. 0-0 Bd6 9. Nbd2 0-0 10. Ne5 Rf6 11. f3 Nxd2 12. Qxd2 Rh6 13. cxd5 cxd5 14. Rac1 Nf6 15. Rc2 Bd7 16. Bc3 Qe7 17. a3 Qe8 18. Bb4 Bb8 19. Rfc1 Bc6 20. a4 a6 21. h3 Bxe5 22. dxe5 Nd7 23. Bd6 Qh5 24. Qb4 Rg6 25. Kh2 Qg5 26. Qf4 Qxf4+ 27. exf4 Rh6 28. g4 fxg4 29. fxg4 Kf7 30. Kg3 1-0

[Event "Belgrade-chT Quality"]
[Site "Belgrade"]
[Date "2019.10.12"]
[Round "3.2"]
[White "Strugar, Janko"]
[Black "Popadic, Dragan B"]
[Result "0-1"]
[WhiteElo "2142"]
[BlackElo "2113"]
[PlyCount "69"]
[EventDate "2019.10.05"]
[EventType "team-tourn"]
[EventRounds "11"]
[EventCountry "SRB"]
[SourceTitle "EXT 2022"]
[Source "ChessBase"]
[SourceDate "2021.10.06"]
[SourceVersion "1"]
[SourceVersionDate "2021.10.06"]
[SourceQuality "1"]
[WhiteTeam "Teleoptik"]
[BlackTeam "NBSK"]
[WhiteTeamCountry "SRB"]
[BlackTeamCountry "SRB"]

1. e4 e5 2. Nc3 Nf6 3. g3 d5 4. exd5 Nxd5 5. Bg2 Nxc3 6. bxc3 Bd6 7. Nf3 Nc6 8. 0-0 0-0 9. d4 h6 10. Re1 Qf6 11. Nd2 Bf5 12. Ne4 Qg6 13. d5 Ne7 14. Bb2 Rad8 15. c4 b6 16. Qd3 Rfe8 17. Rad1 Nc8 18. h3 h5 19. Qc3 Bxe4 20. Rxe4 f5 21. Re2 e4 22. Rde1 Bc5 23. Kh2 a5 24. a3 Nd6 25. h4 Re7 26. f3 Rde8 27. fxe4 fxe4 28. Bh3 e3 29. Rg1 Re4 30. Qd3 Nxc4 31. Bc3 Bd6 32. Be6+ Kh7 33. Kh3 R8xe6 34. dxe6 Qxe6+ 35. Kg2 0-1

[Event "Belgrade-chT"]
[Site "Belgrade"]
[Date "2017.05.14"]
[Round "5.3"]
[White "Strugar, Janko"]
[Black "Kuzmanovic, Aleksa"]
[Result "1/2-1/2"]
[WhiteElo "2199"]
[BlackElo "2021"]
[PlyCount "74"]
[EventDate "2017.05.10"]
[EventType "team-swiss"]
[EventRounds "5"]
[EventCountry "SRB"]
[SourceTitle "CBM 178 Extra"]
[Source "ChessBase"]
[SourceDate "2017.06.22"]
[SourceVersion "1"]
[SourceVersionDate "2017.06.22"]
[SourceQuality "1"]
[WhiteTeam "Teleoptik"]
[BlackTeam "Tadic"]
[WhiteTeamCountry "SRB"]
[BlackTeamCountry "SRB"]

1. e4 c5 2. Nf3 d6 3. d4 cxd4 4. Nxd4 Nf6 5. Nc3 a6 6. Be2 e5 7. Nf3 Be7 8. 0-0 0-0 9. Bg5 Nbd7 10. h3 b5 11. a3 Bb7 12. Bd3 h6 13. Be3 Rc8 14. Nd2 Qc7 15. f4 exf4 16. Rxf4 Ne5 17. Qe2 Nfd7 18. Rf5 Bf6 19. Bd4 g6 20. Rff1 Bg7 21. Rac1 Qd8 22. Be3 Nb6 23. Qf2 Nbc4 24. Nxc4 Nxc4 25. Bxc4 Rxc4 26. Qd2 Kh7 27. Rcd1 Bxe4 28. Rf4 Bf5 29. Rxc4 bxc4 30. g4 Be6 31. Bd4 Bxd4+ 32. Qxd4 Qh4 33. Ne4 f5 34. Qxd6 fxe4 35. Qxf8 Qg3+ 36. Kf1 Qxh3+ 37. Ke1 Qe3+ 1/2-1/2